[Event "World Senior Teams +65"]
[Site "Radebeul GER"]
[Date "2016.06.26"]
[Round "1.1"]
[Board "2"]
[White "Schwier, Manfred"]
[Black "Vasiukov, Evgeni"]
[Result "0-1"]
[BlackTitle "GM"]
[WhiteElo "2031"]
[BlackElo "2403"]
[WhiteTeam "Dresdner Springer"]
[BlackTeam "Russia 65+"]
[WhiteFideId "4671988"]
[BlackFideId "4100522"]
[EventDate "2016.06.26"]

1. e4 c5 2. Nf3 Nc6 3. c3 e6 4. Be2 Nge7 5. O-O d5 6. exd5 Nxd5 7. d4 cxd4 8.
Nxd4 Bd6 9. Bf3 O-O 10. Nxc6 bxc6 11. Nd2 Qc7 12. g3 Ba6 13. Be2 Bb7 14. Nc4 Be7
15. Qc2 c5 16. Ne3 Nf6 17. f3 Rad8 18. Nc4 Nd5 19. Bd2 h5 20. Be1 g6 21. Bf2 Kg7
22. Rae1 Rh8 23. Bd3 g5 24. Nd2 h4 25. Nc4 hxg3 26. Bxg3 Nf4 27. Ne5 c4 28. Be4
Qxe5 29. Bxb7 Qc7 30. Qe4 Rd2 31. Kh1 f5 32. Qe5+ Qxe5 33. Rxe5 Rxb2 34. Ba6 Ne2
35. Bf2 Bd6 36. f4 Bxe5 37. fxe5 g4 38. Bxc4 g3 0-1

[Event "World Senior Teams +65"]
[Site "Radebeul GER"]
[Date "2016.06.26"]
[Round "1.1"]
[Board "3"]
[White "Zhelnin, Vladimir V"]
[Black "Bec, Dietmar"]
[Result "1-0"]
[WhiteTitle "IM"]
[WhiteElo "2455"]
[BlackElo "2056"]
[WhiteTeam "Russia 65+"]
[BlackTeam "Dresdner Springer"]
[WhiteFideId "4105567"]
[BlackFideId "4629590"]
[EventDate "2016.06.26"]

1. e4 e6 2. d4 d5 3. Nc3 Bb4 4. e5 c5 5. Bd2 cxd4 6. Nb5 Bxd2+ 7. Qxd2 Ne7 8.
Nd6+ Kf8 9. Qf4 Nf5 10. Nxf5 exf5 11. Nf3 Qa5+ 12. Kd1 Nc6 13. Bd3 Qb4 14. Kc1
Ne7 15. Nxd4 Nc6 16. c3 Qc5 17. Kd2 Nxd4 18. Qxd4 Qc6 19. h4 h5 20. Rh3 Be6 21.
Bc2 a5 22. Rd3 g6 23. Rd1 Kg7 24. Ke1 Rhd8 25. R1d2 Rd7 26. Bd1 Rad8 27. Be2 Rc7
28. Rg3 b5 29. a3 Rb8 30. Bxh5 b4 31. axb4 axb4 32. Bd1 bxc3 33. Rxc3 Qb7 34.
Rb3 Qc8 35. Rxb8 Qxb8 36. b3 Rc1 37. Rc2 Rb1 38. Rc3 Qa8 39. g3 Qa1 40. Rd3 Qa2
41. Kf1 Qa5 42. Rd2 Qa3 43. Qc3 Rc1 44. Qd3 Qa1 45. Qd4 Qa3 46. Kg2 Rb1 47. Bf3
Kg8 48. Rd1 Qxb3 49. Rxb1 Qxb1 50. Bxd5 Bxd5+ 51. Qxd5 Qe1 52. Qd4 Qe2 53. Qd8+
Kh7 54. Qf8 Qe4+ 55. Kh2 Qd5 56. Qe7 Qa2 57. Kg2 Qd5+ 58. Kg1 Qd1+ 59. Kh2 Qd5
60. Qf6 Kg8 61. h5 Qf3 62. Qd8+ Kg7 63. Qf6+ Kg8 64. Qd8+ Kg7 65. h6+ Kh7 66.
Kg1 Qh5 67. Qf8 Qd1+ 68. Kh2 Qh5+ 69. Kg2 Qxh6 70. Qxf7+ Qg7 71. Qxg7+ Kxg7 72.
Kf3 g5 73. Ke3 Kf7 74. Kd4 Ke6 75. f3 Ke7 76. Kd5 g4 77. f4 Kd7 78. e6+ Kd8 79.
Ke5 1-0

[Event "World Senior Teams +65"]
[Site "Radebeul GER"]
[Date "2016.06.26"]
[Round "1.2"]
[Board "1"]
[White "Liebert, Heinz"]
[Black "Faibisovich, Vadim Z"]
[Result "0-1"]
[WhiteTitle "IM"]
[BlackTitle "IM"]
[WhiteElo "2182"]
[BlackElo "2348"]
[WhiteTeam "Sachsen-Anhalt"]
[BlackTeam "Sankt-Petersburg"]
[WhiteFideId "4611438"]
[BlackFideId "4102703"]
[EventDate "2016.06.26"]

1. c4 e6 2. Nf3 Nf6 3. g3 d5 4. Bg2 Be7 5. d4 O-O 6. O-O b6 7. Nc3 Bb7 8. Ne5
Na6 9. cxd5 exd5 10. Bg5 c5 11. dxc5 Nxc5 12. Rc1 a5 13. Nb5 Nfe4 14. Be3 Bf6
15. Nd3 d4 16. Bf4 Ne6 17. Nc7 Nxf4 18. Nxf4 Rc8 19. Ncd5 Rxc1 20. Nxf6+ Nxf6
21. Qxc1 Bxg2 22. Kxg2 g5 23. Nd3 Qd5+ 24. Kg1 Re8 25. Re1 h6 26. a3 Kg7 27. Qc2
Re6 28. Rc1 Qe4 29. Qc4 Qxe2 30. Qxd4 Qd2 31. Kg2 Re4 32. Qc3 Qxc3 33. Rxc3 Rd4
34. Ne1 Rd2 35. Rc2 Rd6 36. h3 Ne4 37. g4 Nc5 38. b4 axb4 39. axb4 Ne6 40. Nf3
Nf4+ 41. Kg3 Rd3 42. Rc6 Ne2+ 0-1

[Event "World Senior Teams +65"]
[Site "Radebeul GER"]
[Date "2016.06.26"]
[Round "1.2"]
[Board "2"]
[White "Mishuchkov, Nikolai M."]
[Black "Bondick, Karl-Heinz"]
[Result "1-0"]
[WhiteTitle "IM"]
[WhiteElo "2306"]
[BlackElo "2055"]
[WhiteTeam "Sankt-Petersburg"]
[BlackTeam "Sachsen-Anhalt"]
[WhiteFideId "4102401"]
[BlackFideId "4692071"]
[EventDate "2016.06.26"]

1. d4 g6 2. e4 Bg7 3. c3 d6 4. Nf3 c6 5. Qb3 Nf6 6. Bd3 O-O 7. Bg5 h6 8. Be3 e5
9. O-O Nbd7 10. Qc2 Qe7 11. Nbd2 Ng4 12. h3 Nxe3 13. fxe3 Nf6 14. Nc4 d5 15.
Ncd2 dxe4 16. Nxe4 Nd5 17. Qf2 f5 18. Nh4 fxe4 19. Nxg6 Qe8 20. Nxf8 exd3 21.
Qg3 exd4 22. Rf3 dxe3 23. Raf1 e2 1-0

[Event "World Senior Teams +65"]
[Site "Radebeul GER"]
[Date "2016.06.26"]
[Round "1.2"]
[Board "4"]
[White "Blechzin, Igor"]
[Black "Ruemmler, Roland"]
[Result "1-0"]
[WhiteTitle "IM"]
[WhiteElo "2349"]
[BlackElo "1952"]
[WhiteTeam "Sankt-Petersburg"]
[BlackTeam "Sachsen-Anhalt"]
[WhiteFideId "4116208"]
[BlackFideId "4636180"]
[EventDate "2016.06.26"]

1. Nf3 d5 2. c4 e6 3. g3 Nf6 4. Bg2 Be7 5. d4 O-O 6. Nbd2 c5 7. dxc5 Na6 8. O-O
Nxc5 9. b3 b6 10. Bb2 Bb7 11. Ne5 Nce4 12. cxd5 exd5 13. Ndf3 Re8 14. Nd4 Bf8
15. Nd3 a6 16. Rc1 Qd7 17. Nf4 Rec8 18. Bh3 Rxc1 19. Qxc1 Qd8 20. Rd1 g6 21. f3
Ng5 22. Bg2 Rc8 23. Qa1 h5 24. e4 Ngh7 25. e5 g5 26. Nd3 Ne8 27. e6 f6 28. Nf5
Rc2 29. Re1 Qc8 30. g4 hxg4 31. Nd4 gxf3 32. Bxf3 Bc5 33. Nxc5 Rxc5 34. Qb1 Rc7
35. e7 Bc6 36. Qg6+ Kh8 37. Nxc6 1-0

[Event "World Senior Teams +65"]
[Site "Radebeul GER"]
[Date "2016.06.26"]
[Round "1.3"]
[Board "1"]
[White "Boehnisch, Manfred"]
[Black "Schroeter, Helmut"]
[Result "1-0"]
[WhiteTitle "FM"]
[WhiteElo "2302"]
[BlackElo "2073"]
[WhiteTeam "Schachfreunde Leipzig"]
[BlackTeam "TuR Dresden"]
[WhiteFideId "4611543"]
[BlackFideId "24631779"]
[EventDate "2016.06.26"]

1. e4 e5 2. Nf3 Nc6 3. Nc3 Nf6 4. Bb5 d6 5. d4 exd4 6. Nxd4 Bd7 7. Bxc6 bxc6 8.
Qf3 c5 9. Nf5 Bxf5 10. exf5 Rb8 11. O-O Be7 12. b3 O-O 13. Rd1 Re8 14. Bb2 Qc8
15. h3 c6 16. Ne2 d5 17. Ng3 d4 18. c3 c4 19. cxd4 cxb3 20. axb3 Qb7 21. Rd3 Nd5
22. Ne4 Qb6 23. Ba3 Bxa3 24. Rxa3 Qb4 25. Ra1 f6 26. Nc5 Re1+ 27. Rxe1 Qxe1+ 28.
Kh2 Re8 29. Ne6 Qb4 30. Qg4 Re7 31. Rg3 Qb7 32. Qh5 Qd7 33. Rg4 Nc7 34. Nc5 Qd6+
35. g3 Qd5 36. Rf4 Re1 37. Qf3 Qxf3 38. Rxf3 Nd5 39. Rd3 Re2 40. Kg2 Kf7 41. Kf3
Re7 42. Rd1 Nc3 43. Ra1 Nb5 44. Ne6 Rd7 45. Ra6 g6 46. g4 h5 47. Rxc6 Rxd4 48.
fxg6+ Kxg6 49. Nf4+ Kf7 50. Nxh5 Rd3+ 51. Kg2 Rxb3 52. Rxf6+ Ke7 53. Ra6 Ra3 54.
Rh6 a5 55. g5 Nd6 56. g6 Nf5 57. Rh7+ Kd6 58. g7 Nh4+ 59. Kf1 Ra1+ 60. Ke2 1-0

[Event "World Senior Teams +65"]
[Site "Radebeul GER"]
[Date "2016.06.26"]
[Round "1.3"]
[Board "2"]
[White "Eichner, Christian"]
[Black "Schubert, Thomas"]
[Result "0-1"]
[BlackTitle "FM"]
[WhiteElo "2068"]
[BlackElo "2362"]
[WhiteTeam "TuR Dresden"]
[BlackTeam "Schachfreunde Leipzig"]
[WhiteFideId "24666580"]
[BlackFideId "4643038"]
[EventDate "2016.06.26"]

1. e4 c6 2. d4 d5 3. Nc3 dxe4 4. Nxe4 Nf6 5. Qd3 Nbd7 6. Bg5 Nxe4 7. Qxe4 Qa5+
8. Bd2 Qd5 9. Bd3 Qxe4+ 10. Bxe4 Nf6 11. Bd3 e6 12. Nf3 b6 13. O-O Bb7 14. Rfe1
Be7 15. c4 O-O 16. Bc3 Rfd8 17. Rad1 Bf8 18. Ne5 c5 19. dxc5 Bxc5 20. b4 Be7 21.
f3 Rac8 22. Bc2 Nd5 23. Be4 Nxc3 24. Bxb7 Nxd1 25. Bxc8 Bxb4 26. Nc6 Bc5+ 27.
Kf1 Rxc8 0-1

[Event "World Senior Teams +65"]
[Site "Radebeul GER"]
[Date "2016.06.26"]
[Round "1.3"]
[Board "3"]
[White "Schoeneberg, Manfred"]
[Black "Appelt, Gerd"]
[Result "1/2-1/2"]
[WhiteTitle "FM"]
[WhiteElo "2245"]
[BlackElo "2011"]
[WhiteTeam "Schachfreunde Leipzig"]
[BlackTeam "TuR Dresden"]
[WhiteFideId "4611845"]
[BlackFideId "4691342"]
[EventDate "2016.06.26"]

1. Nf3 d5 2. c4 e6 3. g3 c6 4. Qc2 Nf6 5. Bg2 Bd6 6. d4 Nbd7 7. O-O Nf8 8. Nc3
Ng6 9. e4 dxe4 10. Nxe4 Nxe4 11. Qxe4 O-O 12. b3 Bd7 13. Bb2 Re8 14. Rad1 Qa5
15. Qc2 Rad8 16. Rfe1 Qc7 17. h4 Be7 18. h5 Nf8 19. Ne5 Bc8 20. c5 Nd7 21. Nxd7
Qxd7 22. Bc1 Bf6 23. Bf4 Be7 24. b4 Bf8 25. a4 f6 26. Be4 f5 27. Bd3 Qf7 28. Qe2
Rxd4 29. Qb2 Rxf4 1/2-1/2

[Event "World Senior Teams +65"]
[Site "Radebeul GER"]
[Date "2016.06.26"]
[Round "1.3"]
[Board "4"]
[White "Seibt, Manfred"]
[Black "Beltz, Robert"]
[Result "0-1"]
[WhiteElo "1987"]
[BlackElo "2121"]
[WhiteTeam "TuR Dresden"]
[BlackTeam "Schachfreunde Leipzig"]
[WhiteFideId "24639869"]
[BlackFideId "1271028"]
[EventDate "2016.06.26"]

1. d4 d5 2. c4 Nc6 3. e3 Nf6 4. Nf3 Bg4 5. cxd5 Qxd5 6. Be2 e5 7. O-O exd4 8.
exd4 O-O-O 9. Nc3 Qd7 10. Be3 Bb4 11. Qb3 Be6 12. Qa4 Nd5 13. Rac1 Nb6 14. Qc2
f6 15. a3 Bxc3 16. bxc3 Nc4 17. Nd2 N6a5 18. a4 Rhe8 19. Bf3 Bd5 20. Bxd5 Qxd5
21. Nxc4 Nxc4 22. Rfe1 Re4 23. Bd2 Rde8 24. Rxe4 Qxe4 25. Qxe4 Rxe4 26. Be1 Nb2
27. f3 Re6 28. d5 Re5 29. Rb1 Nd3 30. Bf2 Rxd5 31. Rd1 a6 32. Bg3 f5 33. c4 Rd7
34. Rb1 f4 35. Bh4 h6 36. Be1 Nxe1 37. Rxe1 Rd4 38. Re7 g5 39. Rh7 Rxc4 40. Rxh6
Rxa4 41. Rh5 Ra5 42. h4 Ra1+ 43. Kh2 gxh4 44. Rxh4 Ra4 45. Kh3 b5 46. Kg4 Rc4
47. Rh8+ Kb7 0-1

[Event "World Senior Teams +65"]
[Site "Radebeul GER"]
[Date "2016.06.26"]
[Round "1.4"]
[Board "1"]
[White "Happel, Henk"]
[Black "Werner, Clemens"]
[Result "0-1"]
[WhiteTitle "FM"]
[BlackTitle "FM"]
[WhiteElo "2101"]
[BlackElo "2334"]
[WhiteTeam "Koninklijke DD"]
[BlackTeam "Germany 1"]
[WhiteFideId "1001078"]
[BlackFideId "4604636"]
[EventDate "2016.06.26"]

1. d4 d6 2. Nf3 Bg4 3. e4 Nf6 4. Nc3 e6 5. Be2 Be7 6. Be3 O-O 7. Qd2 d5 8. e5
Nfd7 9. Nd1 c5 10. c3 Nc6 11. O-O Rc8 12. h3 Bh5 13. g4 Bg6 14. dxc5 Nxc5 15.
Nd4 Nxe5 16. f4 Nc4 17. Bxc4 dxc4 18. f5 exf5 19. Nxf5 Bxf5 20. Rxf5 Qxd2 21.
Bxd2 Rfd8 22. Be3 Rd3 23. Bd4 Ne6 24. Bxa7 Ra8 25. Bf2 Rxh3 26. Ne3 Bc5 27. Nxc4
Rg3+ 28. Kh2 Bxf2 29. Rxf2 Rxg4 30. Nd6 Ra5 31. Rg2 Rh4+ 32. Kg3 Rg5+ 33. Kxh4
Rxg2 34. b4 Nf4 35. Ne4 h6 36. Ng3 f5 0-1

[Event "World Senior Teams +65"]
[Site "Radebeul GER"]
[Date "2016.06.26"]
[Round "1.4"]
[Board "2"]
[White "Baum, Bernd"]
[Black "Dickhoff, Ronald"]
[Result "1/2-1/2"]
[WhiteTitle "FM"]
[WhiteElo "2237"]
[BlackElo "2106"]
[WhiteTeam "Germany 1"]
[BlackTeam "Koninklijke DD"]
[WhiteFideId "4611853"]
[BlackFideId "1006142"]
[EventDate "2016.06.26"]

1. Nf3 Nf6 2. g3 d5 3. Bg2 c6 4. O-O Bg4 5. c4 e6 6. cxd5 exd5 7. Qb3 Qb6 8.
Qxb6 axb6 9. d3 Nbd7 10. Nc3 Bb4 11. Bd2 O-O 12. a3 Bd6 13. h3 Bxf3 14. Bxf3 Nc5
15. Rad1 Nb3 16. Be1 Rfd8 17. e3 Be5 18. Ne2 c5 19. Bc3 d4 20. exd4 cxd4 21. Bd2
Nd5 22. Nc1 Nc5 23. Rfe1 Bf6 24. Re2 h6 25. Rde1 Kf8 26. Kg2 Rd7 27. h4 Rdd8 28.
Kh3 Rd7 29. Kg2 Rdd8 30. Bb4 Kg8 31. Bxc5 bxc5 32. Nb3 b6 33. Nd2 g6 34. Bxd5
Rxd5 35. Re8+ Rxe8 36. Rxe8+ Kg7 37. Rb8 Bd8 38. Nc4 g5 39. hxg5 hxg5 40. Nxb6
Bxb6 41. Rxb6 c4 42. Kf1 Rc5 43. dxc4 Rxc4 44. Rd6 Rc1+ 45. Ke2 Rc2+ 46. Ke1
Rxb2 47. Rxd4 Ra2 48. Ra4 Kf6 49. Ra5 g4 50. a4 Kg6 51. Ra8 Kg7 52. a5 Kh7 53.
a6 Kg7 54. a7 Kh7 55. Kd1 Kg7 56. Kc1 Kh7 57. Kb1 Ra6 58. Kb2 Kg7 59. Kb3 Ra1
60. Kc4 Kf6 61. Kd5 Kf5 62. Kd6 Kf6 63. Kd7 Ra6 64. Kc7 Ra1 65. Kc6 Rc1+ 66. Kd5
Ra1 67. Rg8 Ra5+ 68. Kc6 Rxa7 69. Rxg4 Kf5 70. Rf4+ Ke5 71. Rf3 f5 72. Re3+ Kf6
73. Kd5 Rd7+ 74. Kc4 Rd2 75. Rf3 Kg5 76. Kc3 Ra2 77. Kd3 Rb2 78. Ke3 Rb3+ 79.
Ke2 Rb2+ 80. Kf1 Ra2 81. Kg2 Ra5 82. Rb3 f4 83. gxf4+ Kxf4 84. Rb4+ Kf5 85. Kg3
Rc5 86. Rh4 Rc3+ 87. f3 Kg5 88. Rg4+ Kf5 89. Rg8 Ra3 90. Rf8+ Kg5 91. Rb8 Ra5
92. f4+ Kf5 93. Rf8+ Kg6 94. Rg8+ Kf6 95. Rh8 Ra1 96. Rh6+ Kf5 97. Rh5+ Kf6 98.
Rb5 Rg1+ 99. Kf2 Ra1 100. Re5 Rb1 101. Kg3 Rg1+ 102. Kf2 Ra1 1/2-1/2

[Event "World Senior Teams +65"]
[Site "Radebeul GER"]
[Date "2016.06.26"]
[Round "1.4"]
[Board "3"]
[White "Olof, Erik"]
[Black "Kierzek, Matthias"]
[Result "0-1"]
[WhiteElo "1975"]
[BlackElo "2230"]
[WhiteTeam "Koninklijke DD"]
[BlackTeam "Germany 1"]
[WhiteFideId "1035762"]
[BlackFideId "4647009"]
[EventDate "2016.06.26"]

1. e4 c6 2. d4 d5 3. Nc3 dxe4 4. Nxe4 Bf5 5. Ng3 Bg6 6. Nf3 Nd7 7. Bd3 e6 8. Bf4
Ngf6 9. c3 Be7 10. Bxg6 hxg6 11. Qd2 Nd5 12. Bg5 Bxg5 13. Qxg5 N7f6 14. O-O O-O
15. c4 Nb6 16. b3 Nbd7 17. Rfe1 Re8 18. Rad1 Qc7 19. Ne5 Rad8 20. Qf4 c5 21.
dxc5 Nxe5 22. Rxd8 Rxd8 23. Qxe5 Qxe5 24. Rxe5 Nd7 25. Re2 Nxc5 26. f3 Kf8 27.
Ne4 Nxe4 28. fxe4 Ke7 29. h3 e5 30. Kf2 Rd4 31. Kf3 Kd6 32. g4 g5 33. Ke3 Kc5
34. a3 a5 35. b4+ axb4 36. axb4+ Kxb4 37. Rb2+ Kxc4 38. Rxb7 Rd3+ 39. Kf2 Rd6
40. Ke3 Rh6 41. Rc7+ Kb5 42. Rxf7 Rxh3+ 43. Kf2 Kc4 44. Rxg7 Kd4 45. Rxg5 Kxe4
46. Rh5 Rf3+ 47. Ke2 Ra3 48. g5 Ra2+ 49. Ke1 Ke3 50. Rh3+ Kf4 51. g6 Rg2 52.
Rh4+ Ke3 53. Rh3+ Kd4 54. Rh7 Rxg6 55. Ke2 Ra6 56. Rd7+ Ke4 57. Rb7 Ra2+ 58. Ke1
Kf4 59. Rb6 e4 60. Rb8 Kf3 61. Kd1 Ra1+ 62. Kc2 e3 63. Rf8+ Ke2 64. Rh8 Rf1 65.
Re8 Rf7 66. Rc8 Kf2 67. Rh8 e2 68. Rh2+ Ke3 69. Rh3+ Rf3 70. Rh1 Rf1 71. Rh3+
Kf4 0-1

[Event "World Senior Teams +65"]
[Site "Radebeul GER"]
[Date "2016.06.26"]
[Round "1.4"]
[Board "4"]
[White "Escher, Helmut"]
[Black "Munninghoff, Alexander"]
[Result "0-1"]
[WhiteElo "2120"]
[BlackElo "1932"]
[WhiteTeam "Germany 1"]
[BlackTeam "Koninklijke DD"]
[WhiteFideId "4648340"]
[BlackFideId "1012460"]
[EventDate "2016.06.26"]

1. Nf3 c5 2. c4 Nc6 3. Nc3 g6 4. g3 Bg7 5. Bg2 e6 6. e4 Nge7 7. O-O O-O 8. d3 d5
9. Bd2 d4 10. Ne2 e5 11. Ne1 Be6 12. f4 f6 13. Rb1 Qd7 14. a3 a5 15. Nf3 Bh3 16.
Rf2 Bxg2 17. Rxg2 f5 18. exf5 Qxf5 19. Qc2 Qd7 20. Ng5 Nf5 21. Ne4 b6 22. Rf1
Nd6 23. Nxd6 Qxd6 24. Qc1 Rae8 25. fxe5 Bxe5 26. Bh6 Bg7 27. Rgf2 Bxh6 28. Qxh6
Ne5 29. Qd2 Rxf2 30. Rxf2 Ng4 31. Rf3 Ne5 32. Rf1 Qc6 33. Qf4 Nxd3 34. Qf7+ Kh8
35. Nf4 Nxf4 36. Qxf4 Qe6 37. Rf2 Qe1+ 38. Kg2 Qe4+ 39. Qxe4 Rxe4 40. Kf1 Kg7
41. Rd2 Kf6 42. Kf2 Re3 43. h3 Ke5 44. Rd1 Ke4 45. Rd2 d3 46. h4 Re2+ 0-1

[Event "World Senior Teams +65"]
[Site "Radebeul GER"]
[Date "2016.06.26"]
[Round "1.5"]
[Board "1"]
[White "Rotstein, Jefim"]
[Black "Kristiansen, Erling"]
[Result "1-0"]
[WhiteTitle "FM"]
[BlackTitle "FM"]
[WhiteElo "2332"]
[BlackElo "2147"]
[WhiteTeam "Germany 2"]
[BlackTeam "Norway Veteran"]
[WhiteFideId "14101033"]
[BlackFideId "1500244"]
[EventDate "2016.06.26"]

1. d4 Nf6 2. Nf3 b6 3. e3 Bb7 4. Bd3 e6 5. O-O c5 6. Nbd2 d5 7. b3 Nc6 8. Bb2
Bd6 9. Ne5 O-O 10. a3 Rc8 11. f4 Na5 12. c4 Ne4 13. Nxe4 dxe4 14. Bc2 f5 15. Qe1
Nc6 16. Rd1 Bxe5 17. fxe5 Ne7 18. Qg3 Rf7 19. Rf2 Qe8 20. d5 Ng6 21. dxe6 Qxe6
22. Rd6 Qe8 23. e6 Re7 24. h4 Rd8 25. Rxd8 Qxd8 26. Rxf5 Qc7 27. Qf2 Qc8 28. h5
Nf8 29. Rf7 Qe8 30. Bxg7 Nxe6 31. Rxe7 Qxe7 32. Bf6 Qf7 33. Qg3+ 1-0

[Event "World Senior Teams +65"]
[Site "Radebeul GER"]
[Date "2016.06.26"]
[Round "1.5"]
[Board "2"]
[White "Henrichsen, Erland"]
[Black "Khanukov, Boris"]
[Result "0-1"]
[BlackTitle "IM"]
[WhiteElo "1943"]
[BlackElo "2323"]
[WhiteTeam "Norway Veteran"]
[BlackTeam "Germany 2"]
[WhiteFideId "1512722"]
[BlackFideId "4680898"]
[EventDate "2016.06.26"]

1. d4 Nf6 2. c4 e6 3. g3 d5 4. Bg2 c6 5. Nf3 dxc4 6. Ne5 Nbd7 7. Nxc4 Be7 8. O-O
O-O 9. Nc3 Nb6 10. Ne5 Nfd7 11. Qb3 a5 12. a4 Nd5 13. Nxd7 Qxd7 14. e4 Nb4 15.
d5 Qc7 16. Bf4 Bd6 17. Bxd6 Qxd6 18. dxc6 bxc6 19. Rad1 Qe5 20. Ne2 Ba6 21. Rd2
Rab8 22. Qc3 Qxc3 23. bxc3 Nd3 24. Nd4 Ne5 25. f4 Nc4 26. Rdd1 c5 27. Nc6 Rb3
28. Ne7+ Kh8 29. Rd7 Bb7 30. Rfd1 g6 31. g4 Ne3 32. R1d6 Nxg2 33. Kxg2 Bxe4+ 34.
Kf2 Rxc3 35. f5 gxf5 36. gxf5 exf5 37. Ra6 f4 38. Rf6 Rc2+ 39. Kf1 Rb8 40. Rd1
Rxh2 41. Rfd6 Rh1+ 42. Ke2 Rb2+ 0-1

[Event "World Senior Teams +65"]
[Site "Radebeul GER"]
[Date "2016.06.26"]
[Round "1.5"]
[Board "3"]
[White "Salov, Sergej"]
[Black "Jenkins, Tom Ivar"]
[Result "1-0"]
[WhiteTitle "IM"]
[WhiteElo "2198"]
[BlackElo "1873"]
[WhiteTeam "Germany 2"]
[BlackTeam "Norway Veteran"]
[WhiteFideId "4107926"]
[BlackFideId "1509756"]
[EventDate "2016.06.26"]

1. e4 c5 2. Nf3 Nc6 3. Bb5 d6 4. d4 cxd4 5. Qxd4 Bd7 6. Bxc6 Bxc6 7. Nc3 Nf6 8.
Bg5 Qb6 9. Qxb6 axb6 10. Nd4 O-O-O 11. O-O-O Rg8 12. g3 e6 13. Rhe1 d5 14. a3
Bc5 15. exd5 Bxd5 16. b4 Bxd4 17. Rxd4 Bc6 18. Rc4 Kb8 19. b5 Bd5 20. Rd4 Bg2
21. Rh4 Rh8 22. Rg1 Bd5 23. Rd1 1-0

[Event "World Senior Teams +65"]
[Site "Radebeul GER"]
[Date "2016.06.26"]
[Round "1.5"]
[Board "4"]
[White "Hellem, Gunnar"]
[Black "Gruzmann, Boris"]
[Result "1/2-1/2"]
[BlackTitle "FM"]
[WhiteElo "1627"]
[BlackElo "2202"]
[WhiteTeam "Norway Veteran"]
[BlackTeam "Germany 2"]
[WhiteFideId "1514164"]
[BlackFideId "4105290"]
[EventDate "2016.06.26"]

1. e4 c5 2. Nf3 d6 3. c3 Nf6 4. e5 dxe5 5. Nxe5 Qd5 6. Nf3 e5 7. Na3 e4 8. Bc4
Qf5 9. Ng1 Be7 10. Nb5 Qe5 11. Ne2 Na6 12. d4 exd3 13. Qxd3 Bf5 14. Qg3 Qxg3 15.
Nxg3 Bd7 16. Bf4 O-O 17. O-O Rfd8 18. Rfe1 Bf8 19. Bg5 Bxb5 20. Bxb5 Nc7 21. Ba4
b5 22. Bc2 Ne6 23. Bxf6 gxf6 24. Rad1 Rxd1 25. Rxd1 Rd8 26. Rxd8 Nxd8 27. Ne4
Be7 28. a4 a6 29. f4 Ne6 30. g3 c4 31. Kf2 Kg7 32. Ke3 f5 33. Nd2 Bc5+ 34. Kf3
Kf6 35. Nf1 Ng7 36. Ne3 Ke6 1/2-1/2

[Event "World Senior Teams +65"]
[Site "Radebeul GER"]
[Date "2016.06.26"]
[Round "1.6"]
[Board "1"]
[White "Hutchinson, Norman A"]
[Black "Danner, Georg"]
[Result "1/2-1/2"]
[BlackTitle "IM"]
[WhiteElo "2061"]
[BlackElo "2338"]
[WhiteTeam "England 2"]
[BlackTeam "Austria"]
[WhiteFideId "411540"]
[BlackFideId "1600303"]
[EventDate "2016.06.26"]

1. e4 c5 2. c3 d5 3. exd5 Qxd5 4. Nf3 Nf6 5. d4 e6 6. Na3 Qd8 7. Nc2 Nc6 8. Bd3
Be7 9. O-O O-O 10. Ne5 cxd4 11. Nxc6 bxc6 12. Nxd4 Qb6 13. Qe2 c5 14. Nf3 Bb7
15. Ne5 Rad8 16. Bf4 Nd5 17. Bg3 f5 18. Nc4 Qc6 19. f3 Ba6 20. Rfe1 Bc8 21. Ne5
Qb6 22. Nc4 Qb7 23. Na5 Qb6 24. Nc4 Qb7 25. Ne5 Bg5 26. Bb5 Be3+ 27. Kh1 f4 28.
Bh4 Rd6 29. Nc4 Qxb5 30. Nxd6 Qxe2 31. Rxe2 Ba6 32. c4 Rb8 33. cxd5 Bxe2 34.
dxe6 Bb5 35. Nxb5 Rxb5 36. Rd1 Bd4 37. b3 Rb6 38. Re1 Be3 39. e7 Kf7 40. g3 Ke8
41. Rd1 Bd4 42. gxf4 a5 43. Kg2 a4 44. Rd3 Rh6 45. Bg5 Rb6 46. f5 h6 47. Bh4 Bf6
48. Bxf6 Rxf6 49. Rd5 axb3 50. axb3 Kxe7 51. Rxc5 Rb6 52. Rc3 Kf6 53. Kg3 1/2-1/2

[Event "World Senior Teams +65"]
[Site "Radebeul GER"]
[Date "2016.06.26"]
[Round "1.6"]
[Board "2"]
[White "Petschar, Kurt"]
[Black "Thynne, Trefor F"]
[Result "1-0"]
[WhiteTitle "FM"]
[WhiteElo "2278"]
[BlackElo "1988"]
[WhiteTeam "Austria"]
[BlackTeam "England 2"]
[WhiteFideId "1600478"]
[BlackFideId "419893"]
[EventDate "2016.06.26"]

1. c4 e5 2. Nf3 Nc6 3. Nc3 d6 4. d4 exd4 5. Nxd4 Nf6 6. e4 Be7 7. Be2 O-O 8. O-O
Nxd4 9. Qxd4 Bd7 10. b3 Re8 11. Bb2 Bc6 12. Nd5 Bxd5 13. cxd5 Bf8 14. Bd3 a6 15.
Rfe1 Qd7 16. Rac1 Re7 17. Qb4 Qc8 18. Bxf6 gxf6 19. Re3 Bh6 20. Rg3+ Kf8 21. Qc3
Bg7 22. h3 Qd7 23. Qb4 b6 24. Qd4 Ree8 25. Qc4 Ra7 26. Qd4 Raa8 27. f4 Qe7 28.
a4 h6 29. Qf2 f5 30. exf5 Qf6 31. Kh2 Re7 32. Qf3 Qb2 33. Qg4 Qf6 34. Bf1 Ra7
35. Rcc3 Re1 36. Be2 Rb1 37. Rge3 Rb2 38. Rc4 Rb1 39. Rce4 Ra8 40. Bd3 Rxb3 41.
Qe2 Bh8 42. Re8+ Rxe8 43. Rxe8+ 1-0

[Event "World Senior Teams +65"]
[Site "Radebeul GER"]
[Date "2016.06.26"]
[Round "1.6"]
[Board "3"]
[White "Cooper, John G"]
[Black "Titz, Heimo"]
[Result "1/2-1/2"]
[BlackTitle "FM"]
[WhiteElo "1941"]
[BlackElo "2160"]
[WhiteTeam "England 2"]
[BlackTeam "Austria"]
[WhiteFideId "416096"]
[BlackFideId "1601520"]
[EventDate "2016.06.26"]

1. d4 Nf6 2. Bf4 e6 3. Nf3 b6 4. e3 Bb7 5. Nbd2 d6 6. Bd3 Be7 7. h3 O-O 8. O-O
Nbd7 9. a4 a6 10. c3 c5 11. Qe2 cxd4 12. exd4 Qc7 13. c4 Rfe8 14. Bh2 Bc6 15. b4
Qb7 16. b5 axb5 17. axb5 Bxf3 18. Qxf3 Qxf3 19. Nxf3 d5 20. Ra6 dxc4 21. Bxc4
Rac8 22. Ba2 Red8 23. Ne5 Nxe5 24. Bxe5 Bb4 25. Rxb6 Nd7 26. Rc6 Nxe5 27. dxe5
Rxc6 28. bxc6 Rc8 29. Rc1 Kf8 30. Bb1 g6 31. Be4 Rc7 32. g3 Ke7 33. f4 f6 34.
exf6+ Kxf6 35. Rb1 Bc5+ 36. Kg2 e5 37. Rb7 Bd6 38. fxe5+ Bxe5 39. Kf3 Rxb7 40.
cxb7 h5 41. Bc6 Bc7 42. Be8 Bb8 43. g4 hxg4+ 44. hxg4 g5 45. Bd7 Ke7 46. Bc8 Kd8
47. Ke4 Bf4 48. Kd5 Kc7 49. Ke6 1/2-1/2